LEADER 01114nam0-22003611i-450- 001 990000116090403321 005 20130227083508.0 035 $a000011609 035 $aFED01000011609 035 $a(Aleph)000011609FED01 035 $a000011609 100 $a20020821d1982----km-y0itay50------ba 101 0 $aita 102 $aIT 105 $aa---p---001yy 200 1 $a<>laterizio e la qualità dell'abitare$fSezioni merceologiche dell'ANDIL, Associazione nazionale degli industriali dei laterizi 210 $aBologna$cLaterconsult$d1982 215 $a79 p.$cill.$d30 cm 610 0 $aLaterizio$aImpiego nell'edilizia 676 $a693.21 712 02$aAssociazione nazionale degli industriali dei laterizi 801 0$aIT$bUNINA$gRICA$2UNIMARC 901 $aBK 912 $a990000116090403321 952 $aTECN C 597$b20120$fFARBC 952 $a13 F 36 07$b6315$fFINBC 952 $a08 AA 100$b3497 C.E.$fDINED 952 $a08 AA 101$b3497/1 C.E.$fDINED 959 $aFINBC 959 $aDINED 959 $aFARBC 996 $aLaterizio e la qualità dell'abitare$9114721 997 $aUNINA LEADER 01527oam 2200493 450 001 9910706918803321 005 20181101150537.0 035 $a(CKB)5470000002460293 035 $a(OCoLC)1032810312 035 $a(EXLCZ)995470000002460293 100 $a20180430d2018 ua 0 101 0 $aeng 135 $aurbn||||a|||| 181 $ctxt$2rdacontent 182 $cc$2rdamedia 183 $acr$2rdacarrier 200 10$aNext steps for refugee and migrant youth in Europe $eJanuary 23, 2018, briefing of the Commission on Security and Cooperation in Europe 210 1$aWashington :$cCommission on Security and Cooperation in Europe,$d2018. 215 $a1 online resource (iv, 13 pages) 300 $aAt head of title: 115th Congress, 2nd session. 517 $aNext steps for refugee and migrant youth in Europe 606 $aRefugees$zEurope 606 $aIllegal immigration$zEurope 606 $aNoncitizen children$zEurope 606 $aNoncitizens$zEurope 606 $aHuman rights$zEurope 606 $aIllegal immigration 615 0$aRefugees 615 0$aIllegal immigration 615 0$aNoncitizen children 615 0$aNoncitizens 615 0$aHuman rights 615 0$aIllegal immigration. 801 0$bGPO 801 1$bGPO 801 2$bMERUC 801 2$bOCLCF 801 2$bUOK 801 2$bINT 801 2$bGPO 906 $aBOOK 912 $a9910706918803321 996 $aNext steps for refugee and migrant youth in Europe$93468759 997 $aUNINA